English for economists

Salvato in:
Dettagli Bibliografici
Autore principale: Čapková, Halka
Natura: Libro
Lingua:inglese
ceco
Pubblicazione: Praha EKOPRESS 2003
Edizione:2. uprav. vyd.
Soggetti:
Tags: Aggiungi Tag
Nessun Tag, puoi essere il primo ad aggiungerne!!

MARC

LEADER 00000nam$a2200000$$$4500
001 0007763
005 20240104115239.0
020 |a 80-86119-52-1 
041 0 |a eng 
041 0 |a cze 
044 |a CZ 
245 1 0 |a English for economists  |c Halka Čapková a kolektiv 
250 |a 2. uprav. vyd. 
264 1 |a Praha  |b EKOPRESS  |c 2003 
300 |a 570 s. 
610 2 0 |a ekonómovia 
610 2 0 |a ekonómia 
610 2 0 |a jazyky cudzie 
610 2 0 |a jazykoveda 
610 2 0 |a terminológia 
100 1 |a Čapková, Halka